Discurso que en la apertura de los estudios de la Universidad Central, en la toma de posesión del doctor don Fernando de Castro... nombrado rector de la misma, y en la reposición de los catedráticos separados, leyó el nuevo rector el 1º de noviembre de 1868. (Record no. 42926)

MARC details
000 -LEADER
campo de control de longitud fija 01249nam a2200265 i 4500
001 - NÚMERO DE CONTROL
campo de control 42926
003 - IDENTIFICADOR DE NÚMERO DE CONTROL
campo de control ES-MaACL
005 - FECHA Y HORA DE LA ÚLTIMA TRANSACCIÓN
campo de control 20250704063108.0
007 - CAMPO FIJO DE DESCRIPCIÓN FÍSICA--INFORMACIÓN GENERAL
campo de control de longitud fija t|
008 - DATOS DE LONGITUD FIJA--INFORMACIÓN GENERAL
campo de control de longitud fija 030314s1868 sp 0001s spa d
080 ## - NÚMERO DE LA CLASIFICACIÓN DECIMAL UNIVERSAL
Número de la Clasificación Decimal Universal 342.733
100 1# - ENTRADA PRINCIPAL--NOMBRE DE PERSONA
Nombre de persona Castro, Fernando de,
Fechas asociadas al nombre 1814-1874
9 (RLIN) 150497
245 10 - MENCIÓN DEL TÍTULO
Título Discurso que en la apertura de los estudios de la Universidad Central, en la toma de posesión del doctor don Fernando de Castro... nombrado rector de la misma, y en la reposición de los catedráticos separados, leyó el nuevo rector el 1º de noviembre de 1868.
260 ## - PUBLICACIÓN, DISTRIBUCIÓN, ETC.
Lugar de publicación, distribución, etc. Madrid :
Nombre del editor, distribuidor, etc. [s.n.,
Fecha de publicación, distribución, etc. 1868] (
Fabricante Imp. de José M. Ducazcal)
300 ## - DESCRIPCIÓN FÍSICA
Extensión 15 p. ;
Dimensiones 26 cm.
530 ## - NOTA DISPONIBLE DE FORMULARIO FÍSICO ADICIONAL
Nota de formato físico adicional disponible Disponible en formato digital.
594 ## - Nota al título y mención de responsabilidad
Nota al título y mención de responsabilidad Tema del discurso: Las tareas de la ciencia y de la enseñanza universitaria
650 #4 - PUNTO DE ACCESO ADICIONAL DE MATERIA--TÉRMINO DE MATERIA
Término de materia o nombre geográfico como elemento de entrada Libertad de cátedra.
9 (RLIN) 150499
710 2# - ENTRADA AGREGADA--NOMBRE DE ENTIDAD CORPORATIVA
Nombre de entidad corporativa o nombre de jurisdicción como elemento de entrada Universidad Central (Madrid)
9 (RLIN) 7084
852 4# - LOCALIZACIÓN
Ubicación ES-MaACL
Número de control de estantería Fol-Laf-104
Nota libre - Legado Modesto Lafuente
852 4# - LOCALIZACIÓN
Ubicación ES-MaACL
Número de control de estantería T-97-F-6
852 4# - LOCALIZACIÓN
Ubicación ES-MaACL
Número de control de estantería T-385-F-20
Nota libre - Sello de "Los Escolares Médicos"
-- - Firma de Gustavo Sáenz Díez
856 4# - LOCALIZACIÓN Y ACCESO ELECTRÓNICOS
Identificador Uniforme de Recursos <a href="http://bdh-rd.bne.es/viewer.vm?id=0000090155&page=1 ">http://bdh-rd.bne.es/viewer.vm?id=0000090155&page=1 </a>
Nota pública Biblioteca Digital Hispánica
Holdings
Estatus retirado Estado de pérdida Estado de daño No para préstamo Colección Biblioteca de origen Biblioteca actual Ubicación en estantería Fecha de adquisición Fuente de adquisición Total de préstamos Signatura topográfica completa Código de barras Visto por última vez Precio de reemplazo Tipo de ítem Koha
        Colección de folletos Biblioteca del Ateneo de Madrid Biblioteca del Ateneo de Madrid Depósito folletos 15/07/2022     T-385-F-20 1203078 23/02/2023 23/02/2023 Folleto
        Colección de folletos Biblioteca del Ateneo de Madrid Biblioteca del Ateneo de Madrid Depósito folletos 17/01/2008     Fol-Laf-104 1045181 23/02/2023 23/02/2023 Folleto
        Colección de folletos Biblioteca del Ateneo de Madrid Biblioteca del Ateneo de Madrid Depósito folletos 18/11/2008     T-97-F-6 1178203 23/02/2023 23/02/2023 Folleto